Choose the Brain Rot - Statistics

General Stats
  • This quiz has been taken 481 times
  • The average score is 4 of 8
Answers on the Grid
Answers color-coded by a green-red scale on the quiz's grid according to % correct below.
Sigma
Gritty
OG
YN
Aura
100%
Balkan Rage
Enigma
MLG
Low Taper Fade
Lil Yachty
Yap
EZ
Lugnuts
Type
Smell Like Farts
Mango
Still Water
 
Answer Stats
Answer % Correct
Sigma
94%
Aura
60%
Low Taper Fade
50%
YN
39%
Mango
34%
Still Water
32%
Balkan Rage
30%
Yap
29%
No matching quizzes found
Score Distribution
Percent of People with Each Score
Percentile by Number Answered
Your Score History
You have not taken this quiz